Mine surveying & leveling (Record no. 5036)

MARC details
000 -LEADER
fixed length control field 00368nam a22001577a 4500
005 - DATE AND TIME OF LATEST TRANSACTION
control field 20160701111326.0
008 - FIXED-LENGTH DATA ELEMENTS--GENERAL INFORMATION
fixed length control field 160701b xxu||||| |||| 00| 0 eng d
041 ## - LANGUAGE CODE
Language code of text/sound track or separate title eng
082 ## - DEWEY DECIMAL CLASSIFICATION NUMBER
Item number 20280
100 ## - MAIN ENTRY--AUTHOR NAME
Personal name Ghatak S
245 ## - TITLE STATEMENT
Title Mine surveying & leveling
260 ## - PUBLICATION, DISTRIBUTION, ETC. (IMPRINT)
Name of publisher Coalfield Publication
300 ## - PHYSICAL DESCRIPTION
Number of Pages 410
650 ## - SUBJECT ADDED ENTRY--TOPICAL TERM
Topical Term Diploma Engineering
942 ## - ADDED ENTRY ELEMENTS (KOHA)
Koha item type Books
Holdings
Lost status Damaged status Home library Current library Shelving location Date acquired Cost, normal purchase price Full call number Accession Number Koha item type Collection code
    JRU Library   SHELF-76-D 01/07/2016 325.00 20280 20280 Books  
    JRU Library JRU Library SHELF-88-C 01/07/2016 325.00 20280 20281 Books MINING
    JRU Library JRU Library SHELF-59-D 01/07/2016 325.00 20280 20282 Books MINING
    JRU Library JRU Library SHELF-88-C 01/07/2016 325.00 20280 20283 Books MINING
    JRU Library JRU Library SHELF-88-C 01/07/2016 325.00 20280 20284 Books MINING
    JRU Library JRU Library SHELF-59-D 01/07/2016 325.00 20280 20285 Books  
    JRU Library JRU Library SHELF-88-C 01/07/2016 325.00 20280 20286 Books MINING
    JRU Library JRU Library SHELF-88-C 01/07/2016 325.00 20280 20287 Books MINING
    JRU Library JRU Library SHELF-88-C 01/07/2016 325.00 20280 20288 Books MINING
    JRU Library JRU Library SHELF-88-C 01/07/2016 325.00 20280 20289 Books MINING